000
00295nam a22001337a 4500
008
180116b xxu||||| |||| 00| 0 eng d
020
_a
9780134378800
041
_a
eng
080
_2
3rd
_a
316
100
_a
50
101
_a
SOC
245
_a
Society the basics
_c
Macionis,J.J
942
_2
udc
_c
BK
999
_c
40383
_d
40383